Statistics for Țări cu imagine parțială prin satelit #1

Click here to take the quiz!

General Stats

  • This quiz has been taken 3 times
  • The average score is 7 of 15

Answer Stats

Answer% Correct
Cipru
100%
Franța
100%
Italia
100%
Cuba
67%
Grecia
67%
Taiwan
67%
Turcia
67%
Canada
33%
Indonezia
33%
Iraq
33%
Madagascar
33%
Panama
33%
Filipine
0%
Germania
0%
Rusia
0%

Score Distribution

Percentile by Number Answered

Percent of People with Each Score

Your Score History

You have not taken this quiz